Formwork : (Record no. 548726)
[ view plain ]
| 000 -LEADER | |
|---|---|
| fixed length control field | 00618cam a2200181 a 4500 |
| 020 ## - INTERNATIONAL STANDARD BOOK NUMBER | |
| International Standard Book Number | 0419228209 |
| 082 00 - DEWEY DECIMAL CLASSIFICATION NUMBER | |
| Classification number | 690 |
| Author Mark | MCA |
| -- | L-39, P-166 |
| 100 1# - MAIN ENTRY--PERSONAL NAME | |
| Personal name | McAdam, Peter S. |
| 9 (RLIN) | 45141 |
| 245 10 - TITLE STATEMENT | |
| Title | Formwork : |
| Remainder of title | a practical approach / |
| Statement of responsibility, etc. | Peter S. McAdam and Geoffrey Lee. |
| 260 ## - PUBLICATION, DISTRIBUTION, ETC. | |
| Place of publication, distribution, etc. | London ; |
| -- | New York : |
| Name of publisher, distributor, etc. | E & FN Spon, |
| Date of publication, distribution, etc. | c1997. |
| 300 ## - PHYSICAL DESCRIPTION | |
| Extent | 193 p. : |
| Other physical details | ill. ; |
| Dimensions | 30 cm. |
| 526 ## - STUDY PROGRAM INFORMATION NOTE | |
| Program name | 0 |
| Interest level | 0 |
| Reading level | 0 |
| Title point value | 690_000000000000000_MCA |
| 650 #0 - SUBJECT ADDED ENTRY--TOPICAL TERM | |
| Topical term or geographic name entry element | Concrete construction |
| General subdivision | Formwork. |
| 9 (RLIN) | 45142 |
| 650 #0 - SUBJECT ADDED ENTRY--TOPICAL TERM | |
| Topical term or geographic name entry element | MCE |
| 9 (RLIN) | 379 |
| 700 1# - ADDED ENTRY--PERSONAL NAME | |
| Personal name | Lee, Geoffrey. |
| 9 (RLIN) | 45143 |
| 856 42 - ELECTRONIC LOCATION AND ACCESS | |
| Uniform Resource Identifier | <a href="http://www.loc.gov/catdir/enhancements/fy0651/98116359-d.html">http://www.loc.gov/catdir/enhancements/fy0651/98116359-d.html</a> |
| 942 ## - ADDED ENTRY ELEMENTS (KOHA) | |
| Source of classification or shelving scheme | |
| Koha item type | Book |
| Withdrawn status | Lost status | Source of classification or shelving scheme | Damaged status | Not for loan | Permanent Location | Current Location | Date acquired | Total Checkouts | Full call number | Barcode | Date last seen | Price effective from | Koha item type |
|---|---|---|---|---|---|---|---|---|---|---|---|---|---|
| Military College of Engineering (MCE) | Military College of Engineering (MCE) | 09/04/2014 | 690 MCA | MCE-42816 | 09/04/2014 | 09/04/2014 | Book |
